50 najpopularniejszych piosenek na kanale QueQuality. - Statystyki

Ogólne statystyki
  • Ten quiz został rozwiązany 66 razy
  • Średni wynik to 24 z 50
Statystyki odpowiedzi
Autor Piosenka % Poprawnych
Quebonafide ft. Reto Half Dead
95%
Quebonafide ft. Klaudia Szafrańska Candy
90%
TACONAFIDE ft. Dawid Podsiadło Tamagotchi
88%
TACONAFIDE Kryptowaluty
83%
Quebonafide x Forxst Madagaskar
83%
Guzior Płuca Zlepione Topami
83%
Guzior ft. Szpaku Ninja
78%
Quebonafide ft. Daria Zawiałow BUBBLETEA
76%
Filipek ft. Tymek Dementor
76%
Kartky Koszmar minionego lata
75%
Kabe Nad ranem
71%
Guzior Wifi
71%
TACONAFIDE 8 kobiet
68%
Quebonafide ft. PlanBe Kawa i Xanax
66%
Kartky Outside
64%
Quebonafide Zorza
64%
Guzior ft. Reto Tatuaże z Henny
61%
favst x gibbs ft. kukon halo
54%
TACONAFIDE Art-B
51%
Quebonafide ft. Young Lungs Między słowami
47%
PlanBe HOLLYWOOD$
46%
Quebonafide ft. Czesław Mozil Bollywood
44%
Quebonafide C'est la vie
44%
PlanBe Cola
44%
Żabson ft. Quebonafide Czarne okulary
44%
Quebonafide Odyseusz
44%
Quebonafide quebahombre
44%
Quebonafide JESIEŃ
41%
Quebonafide Szejk
41%
TACONAFIDE ft. Paluch Ekodiesel
39%
PlanBe ft. Otsochodzi Menago
39%
Wac Toja Perfekt
37%
TACONAFIDE Visa
37%
Kabe Nike Air Max
36%
Przyłu & VBS Jazz
34%
Quebonafide Bogini
32%
Guzior MikMik
32%
Quebonafide ft. Paluch Pablo
32%
Quebonafide Hype
31%
PlanBe Ona to ziomal
31%
Quebonafide SZUBIENICAPESTYCYDYBROŃ
31%
Quebonafide ft. Deys Ciernie
29%
PlanBe Tinder Love
27%
Wac Toja Ciepło ciała
24%
PlanBe Na tylnych siedzeniach
22%
PlanBe Wyrwać się
20%
Quebonafide Trip
19%
Guzior Clint Eastwood
17%
PlanBe Lubię
15%
Kartky niemanieba
14%
Nie znaleziono quizów pasujących do podanych kryteriów
Rozkład punktacji
Procent ludzi z każdym wynikiem
Percentyl według liczby udzielonych odpowiedzi
Twoja historia wyników
Nie rozwiązałeś tego quizu